LEADER 01165nam2-2200385li-450 001 990000128460203316 005 20180312154903.0 010 $a3-540-13078-0 035 $a0012846 035 $aUSA010012846 035 $a(ALEPH)000012846USA01 035 $a0012846 100 $a20001109d1984----km-y0itay0103----ba 101 0 $aeng 102 $aGW 200 1 $aIntegrated optics$etheory and technology$fR. G. Hunsperger 205 $a2nd ed 210 $aBerlin [etc.]$cSpringer-Verlag$dcopyr. 1984 215 $aXVI, 321 p.$c163 ill.$d24 cm 225 2 $aSpringer series in optical science$v33 410 0$10010012847$12001$aSpringer series in optical science 610 1 $aottica integrata 676 $a621369$9. 700 1$aHunsperger,$bRobert G.$061125 801 $aSistema bibliotecario di Ateneo dell' Universitą di Salerno$gRICA 912 $a990000128460203316 951 $a621.369 3 HUN$b42/1988 959 $aBK 969 $aSCI 979 $c19900124 979 $c20001110$lUSA01$h1711 979 $c20020403$lUSA01$h1620 979 $aPATRY$b90$c20040406$lUSA01$h1610 996 $aIntegrated Optics$9375721 997 $aUNISA LEADER 01048nam0 22002533i 450 001 SUN0129944 005 20200708071214.734 010 $a8-88-921-3066-1$d0.00 100 $a20200708d2019 |0itac50 ba 101 $aita 102 $aIT 105 $a|||| ||||| 200 1 $aL'*autonomia differenziata delle Regioni a statuto ordinario$etentativi di attuazione dell'art$h116$icomma 3, Cost. e limiti di sistema$fDimitri Girotto 210 $aTorino$cGiappichelli$d2019 215 $a198 p.$d24 cm. 606 $aRegioni$xAutonomia$xItalia$xDiritto costituzionale$2SG$3SUNC030722 620 $dTorino$3SUNL000001 700 1$aGirotto$b, Dimitri$3SUNV060427$0476285 712 $aGiappichelli$3SUNV000045$4650 801 $aIT$bSOL$c20200713$gRICA 912 $aSUN0129944 950 $aUFFICIO DI BIBLIOTECA DEL DIPARTIMENTO DI GIURISPRUDENZA$d00CONS VIII.El.236 $e00UBG5323 20200708 996 $aAutonomia differenziata delle Regioni a statuto ordinario$91734810 997 $aUNICAMPANIA LEADER 01633nas 2200469- 450 001 9910338756303321 005 20241101213016.0 035 $a(CKB)111056648953320 035 $a(CONSER)--2003213059 035 $a(EXLCZ)99111056648953320 100 $a20030512a20039999 --- a 101 0 $aeng 181 $ctxt$2rdacontent 182 $cc$2rdamedia 183 $acr$2rdacarrier 200 00$aEngineering, go for it 210 1$aWashington, DC :$cAmerican Society for Engineering Education,$d[2003]- 210 4$d©2003- 215 $a1 online resource 300 $aTitle from cover. 311 08$aPrint version: Engineering, go for it. 1544-7510 (DLC)--2003213059 (OCoLC)52220585 517 1 $aeGFI 606 $aEngineering$xVocational guidance$zUnited States$vPeriodicals 606 $aEngineering schools$zUnited States$vDirectories 606 $aEngineering schools$2fast$3(OCoLC)fst00910613 606 $aEngineering$xVocational guidance$2fast$3(OCoLC)fst00910446 607 $aUnited States$2fast$1https://id.oclc.org/worldcat/entity/E39PBJtxgQXMWqmjMjjwXRHgrq 608 $aDirectories.$2fast 608 $aPeriodicals.$2fast 608 $aDirectories.$2lcgft 608 $aPeriodicals.$2lcgft 615 0$aEngineering$xVocational guidance 615 0$aEngineering schools 615 7$aEngineering schools. 615 7$aEngineering$xVocational guidance. 676 $a620 712 02$aAmerican Society for Engineering Education, 906 $aJOURNAL 912 $a9910338756303321 920 $aexl_impl conversion 996 $aEngineering, go for it$92003812 997 $aUNINA